000 01394cam a2200385 a 4500
001 16511561
003 ARRUPE
005 20131220162333.0
008 101021s2006 sa abcf 000 0aeng
010 _a 2010503801
020 _a1770100040
020 _a9781770100046
040 _aDLC
_cDLC
042 _apcc
043 _af-rh---
_afs-----
050 0 0 _aDT2999.G65
_bA3 2006
100 1 _aGodwin, Peter,
_d1957-
_96419
245 1 0 _aWhen a crocodile eats the sun :
_ba memoir /
_cPeter Godwin.
260 _aJohannesburg :
_bPicador Africa,
_c2006.
300 _a341 p., [8] p. of plates :
_cill., maps, ports. ;
_c24 cm.
600 1 0 _aGodwin, Peter,
_d1957-
_96420
600 1 0 _aGodwin, Peter,
_d1957-
_xFamily.
_96421
600 1 0 _aGodwin, Peter,
_d1957-
_xTravel
_zAfrica, Southern.
_96422
650 0 _aFamily secrets
_zZimbabwe
_vCase studies.
_96423
650 0 _aFathers and sons
_zZimbabwe
_vCase studies.
_96424
650 0 _aWhites
_zZimbabwe
_vBiography.
_96425
650 0 _aJournalists
_vBiography.
_96426
651 0 _aZimbabwe
_xHistory
_y1980-
_vBiography.
_96427
651 0 _aHarare (Zimbabwe)
_vBiography.
_96428
651 0 _aZimbabwe
_xSocial conditions
_y1980-
_96429
651 0 _aAfrica, Southern
_xDescription and travel.
_96430
906 _a7
_bcbc
_corigres
_d3
_encip
_f20
_gy-gencatlg
942 _2lcc
_cMONOGRAPH
999 _c119472
_d119472